000 00511nam a2200181 4500
001 24738
005 20230410103601.0
008 060907n2004 dr spa
020 _a999343201
035 _9funglode24923
041 _aES
050 1 4 _a118 Z 1537 I58b 2004
100 _aInoa, Orlando
245 1 _aBibliografía e iconografía de Emilio Rodríguez Demorizi /
_cOrlando Inoa
260 _aSanto Domingo, D.N. :
_bEditorial Letra Gráfica,
_c[2004]
300 _a63 p.
942 _2lcc
_cbk
999 _c21833
_d21833